Integral, measure and derivative : a unified approach /

Guardado en:
Autor Principal: Shilov, G. E.
Otros Autores: Gurevich, B. L., Silverman, Richard A. (Editor , Traductor)
Formato: Libro
Idioma:English
Publicado: Englewood Cliffs, N.J. : Prentice-Hall, c1966.
Edición:Rev. English ed.
Series:Selected Russian publications in the mathematical sciences
Materias:
Etiquetas: Agregar Etiqueta
Sin Etiquetas, Sea el primero en etiquetar este registro!
LEADER 01071nam a22002775a 4500
001 MAT.inmabb005269
008 840228s1966####nju######b####001#0#eng##
005 20180611162820.0
245 1 0 |a Integral, measure and derivative :  |b a unified approach /  |c G. E. Shilov, B. L. Gurevich ; translated and edited by Richard A. Silverman. 
250 |a Rev. English ed. 
260 |a Englewood Cliffs, N.J. :  |b Prentice-Hall,  |c c1966. 
300 |a xiv, 233 p. ;  |c 24 cm. 
440 0 |a Selected Russian publications in the mathematical sciences 
500 |a Traducción de: Integral, mera, i proizvodnaia. 1964. 
504 |a Bibliografía: p. 227-228. 
510 4 |a MR,  |c 33 #2781 
100 1 |a Shilov, G. E.  |q (Georgii Evgen´evich) 
240 1 0 |a Integral, mera, i proizvodnaia.  |l Inglés 
700 1 |a Gurevich, B. L.  |q (Boris Lazarevich) 
700 1 |a Silverman, Richard A.  |4 edt  |4 trl 
650 0 |a Integrals, Generalized. 
650 0 |a Measure theory. 
084 |a 28-01  |2 msc2000 
010 |a  66017376  
040 |a DLC/ICU  |c ICU  |d DLC 
859 |h 28  |i Sh556  |p A-2380  |b BIB. MATEMATICA